Cải thiện môi trường ở trong điều kiện khí hậu Việt Nam /
Vai trò khí hậu với môi trường ở; Các biện pháp cải thiện điều kiện môi trường ở...
সংরক্ষণ করুন:
| প্রধান লেখক: | |
|---|---|
| বিন্যাস: | গ্রন্থ |
| ভাষা: | Vietnamese |
| প্রকাশিত: |
Hà Nội :
Xây dựng,
1998.
|
| বিষয়গুলি: | |
| ট্যাগগুলো: |
ট্যাগ যুক্ত করুন
কোনো ট্যাগ নেই, প্রথমজন হিসাবে ট্যাগ করুন!
|
| Thư viện lưu trữ: | Mạng thư viện Đại học Đà Nẵng |
|---|
| LEADER | 01979cam a2200409 a 4500 | ||
|---|---|---|---|
| 001 | 000044917 | ||
| 003 | 3632 | ||
| 005 | 20220811161514.0 | ||
| 008 | 010220b1998 vm 000 vie | ||
| 020 | |c 18000 | ||
| 040 | |a LRCC |c LRCC |d LRCC | ||
| 041 | 0 | |a vie | |
| 082 | 1 | 4 | |a 363.737 |b HO-M |
| 100 | 1 | |a Hoàng Hạnh Mỹ. | |
| 245 | 1 | 0 | |a Cải thiện môi trường ở trong điều kiện khí hậu Việt Nam / |c Hoàng Hạnh Mỹ. |
| 264 | 1 | |a Hà Nội : |b Xây dựng, |c 1998. | |
| 300 | |a 136 tr. ; |c 27 cm. | ||
| 520 | 3 | |a Vai trò khí hậu với môi trường ở; Các biện pháp cải thiện điều kiện môi trường ở... | |
| 526 | 0 | |a Kỹ thuật xây dựng | |
| 630 | 0 | 4 | |a Môi trường. |
| 650 | 0 | 4 | |a Môi trường. |
| 910 | |a NTMHA | ||
| 911 | |a DUT | ||
| OWN | |a DUT | ||
| AVA | |a UDN50 |b DUT |c Book |d 363.737 HO-M |e available |t Error 5001 Not defined in file expand_doc_bib_avail. |f 10 |g 1 |h N |i 1 |j SH |k 1 | ||
| Z40 | 3 | |y Cải thiện môi trường ở trong đều kiện khí hậu Việt Nam |l Library of DUT |t VIEW |x http://catalog.udn.vn:80/F?func=service&doc_library=UDN01&local_base=UDN01&doc_number=000044917&sequence=000001&line_number=0001&func_code=DB_RECORDS&service_type=MEDIA |f 8.SA.44917_000018130.pdf |e pdf |s 032314952 |k 20220811 |m NTMHA | |
| 999 | |a From the UDN01 | ||
| AVA | |a UDN50 |b DUT |c Book |d 363.737 HO-M |e available |t Error 5001 Not defined in file expand_doc_bib_avail. |f 10 |g 1 |h N |i 1 |j SH |k 1 | ||
| TYP | |a Monograph | ||
| TYP | |a Printed language | ||
| 856 | |y Cải thiện môi trường ở trong đều kiện khí hậu Việt Nam |l Library of DUT |t VIEW |x http://catalog.udn.vn:80/F?func=service&doc_library=UDN01&local_base=UDN01&doc_number=000044917&sequence=000001&line_number=0001&func_code=DB_RECORDS&service_type=MEDIA |f 8.SA.44917_000018130.pdf |e pdf |s 032314952 |k 20220811 |m NTMHA | ||
| 980 | |a Mạng thư viện Đại học Đà Nẵng | ||